| 000 | 00889nam a2200265Ia 4500 | ||
|---|---|---|---|
| 003 | OSt | ||
| 005 | 20221005104116.0 | ||
| 006 | a|||||r|||| 00| 0 | ||
| 007 | ta | ||
| 008 | 221004b |||||||| |||| 00| 0 hin d | ||
| 020 | _a8190217755 (hbk) | ||
| 024 | _a4840 | ||
| 037 |
_bGift, 28/06/2013, _cTextual |
||
| 040 |
_aCRL _cCRL _bhin |
||
| 041 |
_2hin _ahin |
||
| 082 | _aO152,1N85x, P5 | ||
| 100 | _aमिश्र, विजय कुमार | ||
| 245 | 0 | _aअंतर्ध्वनि | |
| 246 | _aAantardhvani | ||
| 260 |
_aदिल्ली _bज्योति इन्टरप्राइजिज भारत _c2005 |
||
| 300 |
_a121पृ0 _ccm. |
||
| 650 | _aहिन्दी साहित्य | ||
| 942 |
_hO152,1N85x, P5 _cTEXL _2cc |
||
| 999 |
_c1011737 _d1011737 |
||